[Event "CAN-op (Pinnacle 48th CAN Op Ch)"]
[Site "Toronto CAN"]
[Date "2011.07.11"]
[Round "3"]
[White "Chidley-Hill, John"]
[Black "Peev, Pavel"]
[Result "0-1"]
[WhiteElo "1787"]
[BlackElo "2083"]
[PlyCount "48"]
[GameId "2160767909707079"]
[EventDate "2011.07.09"]
[EventType "swiss"]
[EventRounds "9"]
[EventCountry "CAN"]
[SourceTitle "hb 2011"]

1. d4 Nf6 2. c4 c5 3. d5 b5 4. cxb5 a6 5. Nc3 axb5 6. Nxb5 Qa5+ 7. Nc3 Bb7 8. Bd2 Qb4 9. a3 Qb6 10. e4 e6 11. dxe6 fxe6 12. Qc2 d5 13. exd5 exd5 14. Rc1 Nbd7 15. Bf4 Bd6 16. Bxd6 Qxd6 17. Nb5 Qc6 18. Nf3 O-O 19. Be2 Ne4 20. O-O Rf4 21. Ne1 Raf8 22. f3 c4 23. Nc3 Qc5+ 24. Kh1 Ng3+ 0-1

[Event "CAN-op (Pinnacle 48th CAN Op Ch)"]
[Site "Toronto CAN"]
[Date "2011.07.11"]
[Round "3"]
[White "Coleman, Mike"]
[Black "Peng, Jackie"]
[Result "0-1"]
[WhiteElo "2162"]
[BlackElo "1991"]
[PlyCount "50"]
[GameId "2160767909707080"]
[EventDate "2011.07.09"]
[EventType "swiss"]
[EventRounds "9"]
[EventCountry "CAN"]
[SourceTitle "hb 2011"]

1. e4 c5 2. Nf3 d6 3. d4 cxd4 4. Nxd4 Nf6 5. Nc3 g6 6. Be3 Bg7 7. f3 O-O 8. Qd2 Nc6 9. Bc4 Bd7 10. O-O-O Rb8 11. h4 b5 12. Bb3 Na5 13. Bh6 Bxh6 14. Qxh6 e5 15. Nde2 b4 16. Nd5 Nxb3+ 17. axb3 Nxd5 18. Rxd5 Be6 19. h5 Qc7 20. hxg6 fxg6 21. Rxd6 Rfc8 22. Qd2 Bxb3 23. Kd1 Qxc2+ 24. Qxc2 Rxc2 25. Nc1 Rc6+ 0-1

[Event "CAN-op (Pinnacle 48th CAN Op Ch)"]
[Site "Toronto CAN"]
[Date "2011.07.11"]
[Round "3"]
[White "Deline, Ralph"]
[Black "Southam, David"]
[Result "0-1"]
[WhiteElo "1828"]
[BlackElo "2124"]
[PlyCount "74"]
[GameId "2160767909707081"]
[EventDate "2011.07.09"]
[EventType "swiss"]
[EventRounds "9"]
[EventCountry "CAN"]
[SourceTitle "hb 2011"]

1. e4 e6 2. d4 d5 3. Nd2 Be7 4. Ngf3 Nf6 5. e5 Nfd7 6. Bd3 c5 7. c3 Nc6 8. O-O g5 9. Bb5 Qb6 10. Bxc6 bxc6 11. a4 cxd4 12. a5 Qc7 13. cxd4 Ba6 14. h3 Bxf1 15. Nxf1 h6 16. Ng3 O-O-O 17. Bd2 Kb8 18. a6 Ka8 19. Ba5 Nb6 20. b4 Rb8 21. Rc1 Qd7 22. Nd2 f5 23. Qc2 Rbc8 24. Ne2 h5 25. g3 h4 26. g4 Rhf8 27. f3 Rf7 28. Kg2 Kb8 29. Rf1 Bd8 30. Nc1 fxg4 31. hxg4 Rf8 32. Nd3 Qf7 33. Rc1 Nc4 34. Re1 Nxd2 35. Qxd2 Qxf3+ 36. Kg1 Qg3+ 37. Kh1 Rf3 0-1

[Event "CAN-op (Pinnacle 48th CAN Op Ch)"]
[Site "Toronto CAN"]
[Date "2011.07.11"]
[Round "3"]
[White "Fan, Brendan"]
[Black "Olden-Cooligan, Ben"]
[Result "0-1"]
[WhiteElo "2097"]
[BlackElo "1893"]
[PlyCount "106"]
[GameId "2160767909707082"]
[EventDate "2011.07.09"]
[EventType "swiss"]
[EventRounds "9"]
[EventCountry "CAN"]
[SourceTitle "hb 2011"]

1. e4 e6 2. d4 d5 3. Nd2 c5 4. exd5 Qxd5 5. Ngf3 cxd4 6. Bc4 Qd6 7. O-O Nf6 8. Nb3 Nc6 9. Nbxd4 Nxd4 10. Nxd4 a6 11. Re1 Be7 12. Be3 O-O 13. Qf3 Qc7 14. Bd3 Re8 15. Bf4 Bd6 16. Bxd6 Qxd6 17. Rad1 Qb6 18. Nb3 Bd7 19. c4 Rad8 20. Qf4 Bc6 21. Re2 Rd7 22. c5 Qc7 23. Qxc7 Rxc7 24. Bc4 Kf8 25. Na5 Bd5 26. b4 Bxc4 27. Nxc4 Nd5 28. Rb2 Ke7 29. a3 Rd8 30. Rbd2 Rb8 31. Rc1 Kf8 32. Ne5 Rbc8 33. Rdc2 b6 34. c6 f6 35. Nd7+ Kf7 36. Re1 Ke7 37. Rd1 Rxc6 38. Rxc6 Rxc6 39. Nb8 Rc3 40. Ra1 a5 41. b5 a4 42. Kf1 Kd6 43. Nc6 e5 44. Ke2 Kc5 45. Na7 Rc2+ 46. Kd3 Rxf2 47. Rc1+ Kd6 48. Rc6+ Kd7 49. Ke4 Rd2 50. Nc8 Rd4+ 51. Kf3 f5 52. Ke2 e4 53. Nd6 Nf4+ 0-1

[Event "CAN-op (Pinnacle 48th CAN Op Ch)"]
[Site "Toronto CAN"]
[Date "2011.07.11"]
[Round "3"]
[White "Florea, Alexandru"]
[Black "Castle, Larry"]
[Result "1-0"]
[WhiteElo "2065"]
[BlackElo "1724"]
[PlyCount "43"]
[GameId "2160767909707084"]
[EventDate "2011.07.09"]
[EventType "swiss"]
[EventRounds "9"]
[EventCountry "CAN"]
[SourceTitle "hb 2011"]

1. e4 c5 2. Nc3 Nc6 3. f4 d6 4. Nf3 e6 5. Bc4 Nf6 6. d3 Be7 7. O-O O-O 8. Qe1 Qc7 9. Bd2 a6 10. a4 b6 11. Qg3 Bb7 12. e5 dxe5 13. fxe5 Nh5 14. Qg4 g6 15. Ne4 Nxe5 16. Nxe5 Qxe5 17. Bc3 Qc7 18. Bxe6 Ng7 19. Bb3 Bxe4 20. Qxe4 Bd6 21. Rxf7 Rxf7 22. Qxa8+ 1-0

[Event "CAN-op (Pinnacle 48th CAN Op Ch)"]
[Site "Toronto CAN"]
[Date "2011.07.11"]
[Round "3"]
[White "Frilles, Ruperto"]
[Black "Razzaq, Ali"]
[Result "1-0"]
[WhiteElo "2057"]
[BlackElo "1920"]
[PlyCount "55"]
[GameId "2160767909707085"]
[EventDate "2011.07.09"]
[EventType "swiss"]
[EventRounds "9"]
[EventCountry "CAN"]
[SourceTitle "CBM 143 Extra"]
[Source "ChessBase"]
[SourceDate "2011.08.29"]
[SourceVersion "1"]
[SourceVersionDate "2011.08.29"]
[SourceQuality "1"]

1. c4 c5 2. Nc3 Nc6 3. g3 g6 4. Bg2 Bg7 5. Nf3 d6 6. d3 Qd7 7. h3 b6 8. O-O Bb7 9. e4 e6 10. Rb1 Bxc3 11. bxc3 Nge7 12. d4 Na5 13. Nd2 O-O-O 14. Re1 Ba6 15. Bf1 f5 16. Qf3 fxe4 17. Qxe4 d5 18. cxd5 Bxf1 19. dxe6 Qc6 20. Kxf1 Rhf8 21. dxc5 Qxc5 22. Qa8+ Kc7 23. Qxa7+ Nb7 24. Ne4 Qc6 25. Bf4+ Rxf4 26. gxf4 Qxe6 27. Qxb7+ Kxb7 28. Nc5+ 1-0

[Event "CAN-op (Pinnacle 48th CAN Op Ch)"]
[Site "Toronto CAN"]
[Date "2011.07.11"]
[Round "3"]
[White "Gusev, Nikita"]
[Black "Purewal, Sardul"]
[Result "1-0"]
[WhiteElo "2223"]
[BlackElo "2004"]
[PlyCount "53"]
[GameId "2160767909707088"]
[EventDate "2011.07.09"]
[EventType "swiss"]
[EventRounds "9"]
[EventCountry "CAN"]
[SourceTitle "hb 2011"]

1. e4 g6 2. d4 Bg7 3. c3 d6 4. Nf3 Nf6 5. Bd3 Nbd7 6. O-O e5 7. Nbd2 O-O 8. a4 a5 9. Re1 b6 10. Nf1 Bb7 11. Ng3 Re8 12. Qb3 Ba6 13. Ng5 Bxd3 14. Nxf7 Qe7 15. Nxe5+ Kh8 16. Nxd3 Ng4 17. Qd1 Qh4 18. Nf1 Ndf6 19. g3 Qh3 20. Nf4 Qh6 21. f3 g5 22. Ng2 Nxh2 23. Nxh2 Qh3 24. g4 h5 25. Bxg5 Rg8 26. Bh4 hxg4 27. Nf4 1-0

[Event "CAN-op (Pinnacle 48th CAN Op Ch)"]
[Site "Toronto CAN"]
[Date "2011.07.11"]
[Round "3"]
[White "Henry, Liam"]
[Black "Nicholson, Matthew"]
[Result "1-0"]
[WhiteElo "2150"]
[BlackElo "1933"]
[PlyCount "45"]
[GameId "2160767909707092"]
[EventDate "2011.07.09"]
[EventType "swiss"]
[EventRounds "9"]
[EventCountry "CAN"]
[SourceTitle "CBM 143 Extra"]
[Source "ChessBase"]
[SourceDate "2011.08.29"]
[SourceVersion "1"]
[SourceVersionDate "2011.08.29"]
[SourceQuality "1"]

1. e4 c5 2. Nf3 d6 3. d4 cxd4 4. Nxd4 Nf6 5. Nc3 g6 6. Be3 Bg7 7. f3 O-O 8. Qd2 Nc6 9. Bc4 Bd7 10. O-O-O Rb8 11. Bb3 Na5 12. Kb1 b5 13. h4 Nc4 14. Bxc4 bxc4 15. Ka1 h5 16. g4 hxg4 17. h5 Nxh5 18. fxg4 Bxg4 19. Rdg1 Qd7 20. Bh6 Qb7 21. b3 Bxh6 22. Qxh6 Qb4 23. Nd5 1-0

[Event "CAN-op (Pinnacle 48th CAN Op Ch)"]
[Site "Toronto CAN"]
[Date "2011.07.11"]
[Round "3"]
[White "Humphreys, Michael"]
[Black "Wu, Kevin"]
[Result "1-0"]
[WhiteElo "2111"]
[BlackElo "1914"]
[PlyCount "59"]
[GameId "2160767909707093"]
[EventDate "2011.07.09"]
[EventType "swiss"]
[EventRounds "9"]
[EventCountry "CAN"]
[SourceTitle "CBM 143 Extra"]
[Source "ChessBase"]
[SourceDate "2011.08.29"]
[SourceVersion "1"]
[SourceVersionDate "2011.08.29"]
[SourceQuality "1"]

1. Nf3 g6 2. c4 Bg7 3. Nc3 c5 4. g3 e6 5. Bg2 Ne7 6. d4 cxd4 7. Nxd4 a6 8. Nb3 O-O 9. c5 Nbc6 10. Bg5 f6 11. Bf4 b6 12. cxb6 Qxb6 13. e4 a5 14. O-O f5 15. Be3 Qb8 16. Rb1 fxe4 17. Nxe4 d5 18. Nec5 Qd6 19. Na4 Rb8 20. Bc5 Qd8 21. Qd2 Bd7 22. Bd6 Rc8 23. Nbc5 Ne5 24. Bxe5 Bxe5 25. Nxd7 Qxd7 26. Nb6 Qa7 27. Nxc8 Rxc8 28. Rbe1 Qb8 29. Bh3 Rc6 30. Qg5 1-0

[Event "CAN-op (Pinnacle 48th CAN Op Ch)"]
[Site "Toronto CAN"]
[Date "2011.07.11"]
[Round "3"]
[White "Itkin, David"]
[Black "Yoos, John"]
[Result "1-0"]
[WhiteElo "2203"]
[BlackElo "2439"]
[PlyCount "37"]
[GameId "2160767909707094"]
[EventDate "2011.07.09"]
[EventType "swiss"]
[EventRounds "9"]
[EventCountry "CAN"]
[SourceTitle "EXT 2022"]
[Source "ChessBase"]
[SourceDate "2021.10.06"]
[SourceVersion "1"]
[SourceVersionDate "2021.10.06"]
[SourceQuality "1"]

1. e4 c5 2. Nf3 d6 3. d4 Nf6 4. Nc3 cxd4 5. Nxd4 Nc6 6. Bc4 Bd7 7. Bb3 g6 8. f3 Nxd4 9. Qxd4 Bg7 10. Bg5 O-O 11. Qe3 b5 12. a3 a5 13. O-O Re8 14. Rfd1 Rb8 15. e5 dxe5 16. Bxf6 exf6 17. Qa7 Re7 18. Nd5 Re8 19. Nb4 1-0

[Event "CAN-op (Pinnacle 48th CAN Op Ch)"]
[Site "Toronto CAN"]
[Date "2011.07.11"]
[Round "3"]
[White "Kalaydina, Regina Veronicka"]
[Black "Puri, Vinny"]
[Result "0-1"]
[WhiteElo "1842"]
[BlackElo "2256"]
[PlyCount "60"]
[GameId "2160767909707096"]
[EventDate "2011.07.09"]
[EventType "swiss"]
[EventRounds "9"]
[EventCountry "CAN"]
[SourceTitle "CBM 143 Extra"]
[Source "ChessBase"]
[SourceDate "2011.08.29"]
[SourceVersion "1"]
[SourceVersionDate "2011.08.29"]
[SourceQuality "1"]

1. d4 Nf6 2. c4 g6 3. Nc3 Bg7 4. e4 d6 5. f3 O-O 6. Bg5 c5 7. d5 e6 8. Qd2 exd5 9. cxd5 a6 10. Rc1 b5 11. b3 Re8 12. Be2 Nbd7 13. Nh3 b4 14. Nd1 h6 15. Bxh6 Nxe4 16. fxe4 Qh4+ 17. g3 Qxh6 18. Ndf2 Bc3 19. Rxc3 Qxd2+ 20. Kxd2 bxc3+ 21. Kxc3 Nf6 22. Ng5 Nxd5+ 23. exd5 Rxe2 24. Nfe4 Bf5 25. Kd3 Rxa2 26. g4 Bxe4+ 27. Nxe4 Rb8 28. Kc3 Kg7 29. g5 Re2 30. Nxd6 Rd8 0-1

[Event "CAN-op (Pinnacle 48th CAN Op Ch)"]
[Site "Toronto CAN"]
[Date "2011.07.11"]
[Round "3"]
[White "Krupka, David"]
[Black "Birarov, Vladimir"]
[Result "0-1"]
[WhiteElo "2019"]
[BlackElo "2267"]
[PlyCount "130"]
[GameId "2160767909707100"]
[EventDate "2011.07.09"]
[EventType "swiss"]
[EventRounds "9"]
[EventCountry "CAN"]
[SourceTitle "hb 2011"]

1. e4 c5 2. Nf3 Nc6 3. d4 cxd4 4. Nxd4 Nf6 5. Nc3 e5 6. Ndb5 d6 7. Nd5 Nxd5 8. exd5 Nb8 9. c4 Be7 10. Bd3 O-O 11. O-O a6 12. Nc3 f5 13. f3 Nd7 14. Be3 Bg5 15. Qd2 Bxe3+ 16. Qxe3 Qf6 17. Rac1 e4 18. Be2 exf3 19. Bxf3 Ne5 20. b3 Bd7 21. Qd2 Rae8 22. Ne2 g5 23. Nd4 f4 24. Rce1 g4 25. Be4 Qh4 26. Ne6 Bxe6 27. dxe6 f3 28. g3 Qe7 29. Rd1 Rd8 30. Qd5 Kh8 31. Qxb7 Qxb7 32. Bxb7 Rfe8 33. Bd5 a5 34. Kf2 Kg7 35. Ke3 Kf6 36. Rd4 h5 37. h4 Ng6 38. Kd3 Rf8 39. Kc3 Ne7 40. Rf4+ Kg7 41. Kd2 Rxf4 42. gxf4 Kf6 43. Ke3 Rc8 44. Rd1 Rc5 45. Kf2 Nxd5 46. Rxd5 Kxe6 47. Rd3 a4 48. Kg3 axb3 49. axb3 Ra5 50. Rd2 Ra1 51. Rb2 Rc1 52. b4 Rxc4 53. b5 Rc7 54. b6 Rb7 55. Rb5 d5 56. f5+ Kxf5 57. Rxd5+ Ke4 58. Rxh5 Rxb6 59. Rg5 Rf6 60. Kf2 Kf4 61. Rg8 Rf5 62. Rg7 Re5 63. Rf7+ Rf5 64. Rg7 Rf8 65. Rg6 Ra8 0-1

[Event "CAN-op (Pinnacle 48th CAN Op Ch)"]
[Site "Toronto CAN"]
[Date "2011.07.11"]
[Round "3"]
[White "Lacau Rodean, Iulia"]
[Black "Bellissimo, Joseph"]
[Result "1-0"]
[WhiteElo "2091"]
[BlackElo "1977"]
[PlyCount "100"]
[GameId "2160767909707102"]
[EventDate "2011.07.09"]
[EventType "swiss"]
[EventRounds "9"]
[EventCountry "CAN"]
[SourceTitle "EXT 2022"]
[Source "ChessBase"]
[SourceDate "2021.10.06"]
[SourceVersion "1"]
[SourceVersionDate "2021.10.06"]
[SourceQuality "1"]

1. e4 e5 2. Nf3 Nf6 3. Nxe5 d6 4. Nf3 Nxe4 5. Nc3 Nxc3 6. dxc3 Be7 7. Be3 O-O 8. Qd2 Nd7 9. O-O-O Nf6 10. Bd3 Bg4 11. h3 Bh5 12. g4 Bg6 13. Bxg6 fxg6 14. Ng5 Qd7 15. f4 Kh8 16. Qd3 h6 17. Nf3 Qa4 18. Nh4 Kg8 19. Nxg6 Rfe8 20. a3 Qe4 21. Bd4 Qxd3 22. cxd3 Kh7 23. Nxe7 Rxe7 24. Bxf6 gxf6 25. Rde1 Rae8 26. Kd2 Kg6 27. Rxe7 Rxe7 28. Re1 Rf7 29. h4 h5 30. g5 fxg5 31. fxg5 a6 32. Ke3 Rf5 33. Re2 b6 34. Rf2 Re5+ 35. Kd2 Rf5 36. Rxf5 Kxf5 37. Ke3 c6 38. b3 Ke5 39. d4+ Kf5 40. Kf3 b5 41. a4 a5 42. Ke3 d5 43. Kf3 bxa4 44. bxa4 Kg6 45. Kf4 Kf7 46. Kf5 Kg7 47. g6 Kg8 48. Kg5 c5 49. dxc5 d4 50. cxd4 Kg7 1-0

[Event "CAN-op (Pinnacle 48th CAN Op Ch)"]
[Site "Toronto CAN"]
[Date "2011.07.11"]
[Round "3"]
[White "Lin, Tony (Juntao)"]
[Black "Sakka, Louay"]
[Result "1-0"]
[WhiteElo "2023"]
[BlackElo "1643"]
[PlyCount "86"]
[GameId "2160767909707103"]
[EventDate "2011.07.09"]
[EventType "swiss"]
[EventRounds "9"]
[EventCountry "CAN"]
[SourceTitle "hb 2011"]

1. d4 Nf6 2. Nf3 e6 3. Bg5 h6 4. Bxf6 Qxf6 5. Nbd2 c5 6. c3 cxd4 7. cxd4 Bb4 8. e3 Nc6 9. Be2 d5 10. O-O O-O 11. Rc1 Bd7 12. a3 Bd6 13. Qb3 Rab8 14. Qa2 g5 15. b4 g4 16. Ne1 h5 17. Nd3 Ne7 18. Nc5 Rfd8 19. Bd3 h4 20. f4 Nf5 21. Bxf5 Bxc5 22. Bxg4 Bd6 23. Bh3 Bb5 24. Rfe1 Kh8 25. Nf3 Rg8 26. Qf2 Rg7 27. Qxh4+ Qxh4 28. Nxh4 Rh7 29. Nf3 Rg8 30. Kf2 Bd3 31. Rc3 Be4 32. Ng5 Rhg7 33. Rec1 Bf5 34. Bxf5 exf5 35. Rc8 Be7 36. Rxg8+ Kxg8 37. Rc8+ Bf8 38. Rc7 f6 39. Ne6 Rxc7 40. Nxc7 Kf7 41. Nxd5 a5 42. bxa5 Bxa3 43. Nc3 Bd6 1-0

[Event "CAN-op (Pinnacle 48th CAN Op Ch)"]
[Site "Toronto CAN"]
[Date "2011.07.11"]
[Round "3"]
[White "Loadman, Ian"]
[Black "Wang, Jesse BJ"]
[Result "1/2-1/2"]
[WhiteElo "2218"]
[BlackElo "1998"]
[PlyCount "40"]
[GameId "2160767909707104"]
[EventDate "2011.07.09"]
[EventType "swiss"]
[EventRounds "9"]
[EventCountry "CAN"]
[SourceTitle "hb 2011"]

1. e4 c5 2. Nf3 d6 3. d4 cxd4 4. Nxd4 Nf6 5. Nc3 a6 6. Be2 e6 7. O-O Be7 8. Be3 O-O 9. f4 Qc7 10. Qe1 Nbd7 11. Qg3 Re8 12. Rad1 b5 13. e5 dxe5 14. fxe5 Qxe5 15. Bf4 Qc5 16. b4 Qb6 17. Be3 Qb8 18. Bf4 Qb6 19. Be3 Qb8 20. Bf4 Qb6 1/2-1/2

[Event "CAN-op (Pinnacle 48th CAN Op Ch)"]
[Site "Toronto CAN"]
[Date "2011.07.11"]
[Round "3"]
[White "Longo, Tyler"]
[Black "Pechenkin, Vladimir"]
[Result "0-1"]
[WhiteElo "2087"]
[BlackElo "2408"]
[PlyCount "121"]
[GameId "2160767909707105"]
[EventDate "2011.07.09"]
[EventType "swiss"]
[EventRounds "9"]
[EventCountry "CAN"]

1. d4 f5 2. c4 Nf6 3. g3 g6 4. Bg2 Bg7 5. Nc3 O-O 6. Nf3 d6 7. O-O c6 8. Qc2 Na6 9. a3 Qe8 10. b4 e5 11. Bb2 e4 12. Nd2 d5 13. e3 g5 14. cxd5 cxd5 15. b5 Nb8 16. a4 Be6 17. Ba3 Rf7 18. Rfc1 Nbd7 19. Nb3 Nf8 20. Nc5 f4 21. Nxe6 Qxe6 22. Qb3 h5 23. exf4 gxf4 24. gxf4 Bh6 25. Ne2 Rg7 26. Kh1 Qg4 27. Ng3 h4 28. h3 Qg6 29. Bxe4 Nxe4 30. Qxd5+ Kh8 31. Qxe4 hxg3 32. Qxg6 Rxg6 33. fxg3 Rxg3 34. Bd6 Bg7 35. Kh2 Rd3 36. Be5 Ne6 37. Rd1 Rxd1 38. Rxd1 Rd8 39. d5 Nc5 40. d6 Nxa4 41. Rg1 Bxe5 42. fxe5 Nc5 43. Re1 Ne6 44. Kg3 Kg7 45. Kg4 Rf8 46. Rd1 Rf4+ 47. Kg3 Re4 48. Rd5 Kf7 49. h4 b6 50. h5 Nd8 51. Kf3 Re1 52. Kf4 Ke6 53. Rd3 Rxe5 54. h6 Rh5 55. Ra3 Rxh6 56. Rxa7 Kxd6 57. Ra8 Ne6+ 58. Ke3 Rh5 59. Kd3 Rxb5 60. Kc4 Rc5+ 61. Kb4 0-1

[Event "CAN-op (Pinnacle 48th CAN Op Ch)"]
[Site "Toronto CAN"]
[Date "2011.07.11"]
[Round "3"]
[White "Luo, Zhao Yang"]
[Black "Fiedler, Brian"]
[Result "0-1"]
[WhiteElo "1894"]
[BlackElo "2123"]
[PlyCount "86"]
[GameId "2160767909707106"]
[EventDate "2011.07.09"]
[EventType "swiss"]
[EventRounds "9"]
[EventCountry "CAN"]
[SourceTitle "hb 2011"]

1. d4 e6 2. Nf3 f5 3. c4 Nf6 4. Nc3 Bb4 5. Bg5 h6 6. Bd2 O-O 7. e3 b6 8. Be2 Bb7 9. O-O d6 10. Qb3 Bxc3 11. Bxc3 Nbd7 12. Nd2 Ne4 13. Nxe4 fxe4 14. Bg4 Qe7 15. Qd1 Nf6 16. Bh3 d5 17. Qa4 a5 18. Rfc1 dxc4 19. Qxc4 Nd5 20. a3 Rae8 21. b4 Qh4 22. Be1 axb4 23. axb4 Qg5 24. Qb3 Rf3 25. g3 Qg6 26. Ra7 Bc8 27. Bg2 Rf7 28. Qb1 Ref8 29. Bxe4 Qg4 30. Bxd5 exd5 31. Rcxc7 Rxc7 32. Rxc7 Qe2 33. Rc2 Qf3 34. Rxc8 Rxc8 35. Bd2 Qe2 36. Qe1 Qd3 37. Kg2 Rc2 38. Bc1 Qc4 39. Ba3 Qd3 40. Bc1 Qc4 41. Ba3 Qb3 42. Bc1 Qb1 43. Bd2 Qb2 0-1

[Event "CAN-op (Pinnacle 48th CAN Op Ch)"]
[Site "Toronto CAN"]
[Date "2011.07.11"]
[Round "3"]
[White "McTavish, Dale"]
[Black "Aird, Ian"]
[Result "1/2-1/2"]
[WhiteElo "2205"]
[BlackElo "1909"]
[PlyCount "83"]
[GameId "2160767909707107"]
[EventDate "2011.07.09"]
[EventType "swiss"]
[EventRounds "9"]
[EventCountry "CAN"]
[SourceTitle "hb 2011"]

1. d4 e6 2. c4 Bb4+ 3. Nd2 Nf6 4. g3 O-O 5. Bg2 d5 6. c5 Nbd7 7. Ngf3 Re8 8. a3 Bxd2+ 9. Bxd2 e5 10. dxe5 Nxe5 11. Nxe5 Rxe5 12. Bc3 Re8 13. O-O Ne4 14. Bd4 Qe7 15. Rc1 c6 16. b4 Bf5 17. Bb2 Qe6 18. Qd4 f6 19. h4 Qe5 20. Rfd1 Re7 21. Rd3 Rae8 22. Re3 Qxd4 23. Bxd4 Nd2 24. a4 Nc4 25. Rxe7 Rxe7 26. e3 Kf7 27. Rc3 Ne5 28. f3 h5 29. Kf1 g6 30. Ke2 Re8 31. Bf1 a6 32. Kf2 Ke6 33. Be2 Kf7 34. Ra3 Ra8 35. Kg2 Ke6 36. Ra1 Kf7 37. Kh2 Ke6 38. Rg1 Rh8 39. Ra1 Ra8 40. Rg1 Rh8 41. Kg2 Kf7 42. Kh2 1/2-1/2

[Event "CAN-op (Pinnacle 48th CAN Op Ch)"]
[Site "Toronto CAN"]
[Date "2011.07.11"]
[Round "3"]
[White "Meszaros, Michal"]
[Black "Golod, Vitali"]
[Result "1/2-1/2"]
[WhiteElo "2418"]
[BlackElo "2582"]
[PlyCount "83"]
[GameId "2160767909707109"]
[EventDate "2011.07.09"]
[EventType "swiss"]
[EventRounds "9"]
[EventCountry "CAN"]
[SourceTitle "CBM 143 Extra"]
[Source "ChessBase"]
[SourceDate "2011.08.29"]
[SourceVersion "1"]
[SourceVersionDate "2011.08.29"]
[SourceQuality "1"]

1. e4 e5 2. Nf3 Nc6 3. Bb5 a6 4. Ba4 Nf6 5. d3 d6 6. c3 g6 7. Nbd2 Bg7 8. O-O O-O 9. Re1 Nd7 10. Nf1 Nc5 11. Bxc6 bxc6 12. d4 Nd7 13. Bg5 f6 14. Be3 Rb8 15. Qc2 Qe8 16. Rad1 Kh8 17. Ng3 Nb6 18. h3 Be6 19. b3 a5 20. a4 d5 21. dxe5 fxe5 22. Bc5 Rxf3 23. gxf3 Nd7 24. exd5 cxd5 25. Ba7 Rb7 26. Be3 Qf7 27. Kg2 d4 28. cxd4 Bxb3 29. Qd2 Bxd1 30. Rxd1 Rb8 31. dxe5 Nxe5 32. Qd5 Qe8 33. f4 Nf7 34. Qxa5 Qc6+ 35. Qd5 Qxa4 36. Rc1 Qa8 37. Qxa8 Rxa8 38. Rxc7 Nh6 39. Ne4 Nf5 40. Ng5 Re8 41. Bd2 Kg8 42. Bc3 1/2-1/2

[Event "CAN-op (Pinnacle 48th CAN Op Ch)"]
[Site "Toronto CAN"]
[Date "2011.07.11"]
[Round "3"]
[White "Milicevic, Goran"]
[Black "Arencibia Rodriguez, Walter"]
[Result "1/2-1/2"]
[WhiteElo "2288"]
[BlackElo "2476"]
[PlyCount "49"]
[GameId "2160767909707110"]
[EventDate "2011.07.09"]
[EventType "swiss"]
[EventRounds "9"]
[EventCountry "CAN"]
[SourceTitle "CBM 143 Extra"]
[Source "ChessBase"]
[SourceDate "2011.08.29"]
[SourceVersion "1"]
[SourceVersionDate "2011.08.29"]
[SourceQuality "1"]

1. d4 d5 2. Bf4 Nf6 3. e3 Bg4 4. f3 Bd7 5. c4 Nc6 6. Nc3 e6 7. Bd3 Nb4 8. Nge2 c5 9. a3 Nxd3+ 10. Qxd3 Qa5 11. O-O cxd4 12. b4 dxc4 13. Qxc4 Qb6 14. Qxd4 Qxd4 15. Nxd4 Be7 16. Ndb5 O-O 17. Bd6 Bxb5 18. Nxb5 Bxd6 19. Nxd6 b6 20. e4 Rfd8 21. Rfd1 Kf8 22. Rac1 Rd7 23. Nb5 Rxd1+ 24. Rxd1 Ke7 25. Rc1 1/2-1/2

[Event "CAN-op (Pinnacle 48th CAN Op Ch)"]
[Site "Toronto CAN"]
[Date "2011.07.11"]
[Round "3"]
[White "Miller, David"]
[Black "Larochelle, Martial"]
[Result "0-1"]
[WhiteElo "1936"]
[BlackElo "2214"]
[PlyCount "78"]
[GameId "2160767909707111"]
[EventDate "2011.07.09"]
[EventType "swiss"]
[EventRounds "9"]
[EventCountry "CAN"]
[SourceTitle "hb 2011"]

1. e4 c5 2. Nf3 d6 3. d4 cxd4 4. Nxd4 Nf6 5. Nc3 a6 6. Bg5 e6 7. f4 Qb6 8. Qd2 Nc6 9. Bxf6 gxf6 10. Nb3 Bd7 11. O-O-O O-O-O 12. Be2 Rg8 13. g3 Kb8 14. Kb1 Be7 15. Bh5 Rg7 16. Rhe1 Be8 17. Bf3 Rc8 18. Bg2 Rg8 19. Bh3 Bd7 20. Nd5 exd5 21. Bxd7 Rc7 22. Bf5 dxe4 23. Bxh7 Rd8 24. Bxe4 d5 25. Bd3 d4 26. a3 a5 27. Ka2 a4 28. Nc1 Qc5 29. Be4 Na5 30. Qb4 Qxb4 31. axb4 Bxb4 32. c3 Bc5 33. b4 axb3+ 34. Nxb3 Nxb3 35. Kxb3 Rd6 36. cxd4 Bxd4 37. Rc1 Rb6+ 38. Ka4 Bc3 39. Re3 Rc4+ 0-1

[Event "CAN-op (Pinnacle 48th CAN Op Ch)"]
[Site "Toronto CAN"]
[Date "2011.07.11"]
[Round "3"]
[White "Moffat, Andrei"]
[Black "Wiebe, Daniel"]
[Result "1/2-1/2"]
[WhiteElo "2215"]
[BlackElo "1938"]
[PlyCount "98"]
[GameId "2160767909707112"]
[EventDate "2011.07.09"]
[EventType "swiss"]
[EventRounds "9"]
[EventCountry "CAN"]
[SourceTitle "hb 2011"]

1. d4 Nf6 2. Nc3 d5 3. Bg5 g6 4. Qd3 Bg7 5. e4 dxe4 6. Nxe4 O-O 7. O-O-O c6 8. Kb1 Nbd7 9. f3 Qb6 10. Qb3 Nxe4 11. Qxb6 axb6 12. fxe4 Nf6 13. e5 Nd5 14. Bc4 Be6 15. Bb3 h6 16. Bd2 Rfd8 17. Nf3 c5 18. h3 Nc7 19. c4 cxd4 20. Bb4 b5 21. Nxd4 Bxc4 22. Bxe7 Re8 23. Bf6 Ne6 24. Bxc4 bxc4 25. Nb5 Bxf6 26. exf6 Red8 27. Rxd8+ Rxd8 28. Kc2 Nd4+ 29. Nxd4 Rxd4 30. Rf1 Re4 31. Rf2 Re3 32. Rd2 g5 33. a4 b6 34. Rd6 Re6 35. Rd8+ Kh7 36. Kc3 Rxf6 37. Kxc4 Rf2 38. b4 Rxg2 39. Kb5 Rb2 40. Rd4 f5 41. Kxb6 f4 42. a5 f3 43. b5 f2 44. Rd1 h5 45. a6 g4 46. hxg4 hxg4 47. Ra1 g3 48. a7 g2 49. a8=Q Rxb5+ 1/2-1/2

[Event "CAN-op (Pinnacle 48th CAN Op Ch)"]
[Site "Toronto CAN"]
[Date "2011.07.11"]
[Round "3"]
[White "Olheiser, Gordon"]
[Black "Chernik, Dmitry"]
[Result "0-1"]
[WhiteElo "2049"]
[BlackElo "1897"]
[PlyCount "45"]
[GameId "2160767909707113"]
[EventDate "2011.07.09"]
[EventType "swiss"]
[EventRounds "9"]
[EventCountry "CAN"]
[SourceTitle "hb 2011"]

1. g3 e5 2. Bg2 Nf6 3. d3 d5 4. Nf3 Bd6 5. O-O O-O 6. Nc3 c6 7. Nh4 Be6 8. e4 h6 9. exd5 Nxd5 10. Nxd5 Bxd5 11. Bxd5 cxd5 12. Nf5 Qf6 13. Nxd6 Qxd6 14. f4 Nd7 15. fxe5 Nxe5 16. d4 Ng6 17. Rf5 Rae8 18. Bd2 Re4 19. Qf3 Qe6 20. Rf1 Rxd4 21. Qf2 Re4 22. c3 a6 23. b3 0-1